Особо охраняемые природные территории Чувашской Республики (Запись № 4149328)

Подробности
000 -МАРКЕР
контрольное поле 02294nam0a2200337 4500
001 - ИДЕНТИФИКАТОР ЗАПИСИ
контрольное поле RU\NLR\bibl\1996992
005 - ИДЕНТИФИКАТОР ВЕРСИИ
контрольное поле 20230726192234.0
010 ## - МЕЖДУНАРОДНЫЙ СТАНДАРТНЫЙ НОМЕР КНИГИ (ISBN)
Номер (ISBN) 978-5-4246-0148-4
Тираж 75
021 ## - НОМЕР ГОСУДАРСТВЕННОЙ РЕГИСТРАЦИИ
Код страны Российская Федерация
Номер 2013-3091
Номер Листа государственной регистраци 207
035 ## - ДРУГИЕ СИСТЕМНЫЕ НОМЕРА
Идентификатор записи (NLR Aleph) 001985388
100 ## - ДАННЫЕ ОБЩЕЙ ОБРАБОТКИ
Данные общей обработки 20130205d2012 u||y0rusy50 ca
101 0# - ЯЗЫК РЕСУРСА
Язык текста, звукозаписи и т.д. русский
102 ## - СТРАНА ПУБЛИКАЦИИ ИЛИ ПРОИЗВОДСТВА
Страна публикации Российская Федерация
105 ## - ПОЛЕ КОДИРОВАННЫХ ДАННЫХ: ТЕКСТОВЫЕ МАТЕРИАЛЫ, МОНОГРАФИЧЕСКИЕ
Кодированные данные о монографическом текстовом документе ab z|||000yy
200 1# - ЗАГЛАВИЕ И СВЕДЕНИЯ ОБ ОТВЕТСТВЕННОСТИ
Основное заглавие Особо охраняемые природные территории Чувашской Республики
Сведения, относящиеся к заглавию материалы к Единому пакету кадастровых сведений
Первые сведения об ответственности М-во природ. ресурсов и экологии Чуваш. Респ., Казенное учреждение Чуваш. Респ. "Дирекция особо охраняемых природ. территорий и объектов Чуваш. Респ."
Последующие сведения об ответственности [авт.-сост.: к.б.н. Гафурова М.М. и др.
-- редкол.: Исаев И.В. (гл. ред.) и др.]
205 ## - СВЕДЕНИЯ ОБ ИЗДАНИИ
Сведения об издании [Изд. 2-е, испр. и доп.]
210 ## - ПУБЛИКАЦИЯ, РАСПРОСТРАНЕНИЕ И ДР.
Место издания, распространения и т.д. Чебоксары
Имя издателя, распространителя и т. д. Министерство природных ресурсов и экологии Чувашской Республики
-- Казенное учреждение Чувашской Республики "Дирекция особо охраняемых природ. территорий и объектов Чувашской Республики"
Дата издания, распространения и т.д. 2012
215 ## - ФИЗИЧЕСКАЯ ХАРАКТЕРИСТИКА
Специфическое обозначение материала и объем 423 с., [6] л. цв. ил., карт.
Другие сведения о физической характеристике ил.
Размеры 30
606 1# - НАИМЕНОВАНИЕ ТЕМЫ КАК ПРЕДМЕТ
Наименование темы Природные территории особо охраняемые
Географический подзаголовок Чувашская Республика
Код системы nlr_sh2
Идентификатор авторитетной/нормативной записи RU\NLR\AUTH\6601548917
686 1# - ИНДЕКСЫ ДРУГИХ КЛАССИФИКАЦИЙ
Индекс Б1(2Р351-6Чу)
702 #1 - ИМЯ ЛИЦА - ВТОРИЧНАЯ ОТВЕТСТВЕННОСТЬ
Начальный элемент ввода Гафурова
Часть имени, кроме начального элемента ввода М. М.
Даты 1955-
Расширение инициалов личного имени Маргарита Мстиславовна
Идентификатор авторитетной/нормативной записи RU\NLR\AUTH\770169627
Код отношения Составитель
702 #1 - ИМЯ ЛИЦА - ВТОРИЧНАЯ ОТВЕТСТВЕННОСТЬ
Начальный элемент ввода Исаев
Часть имени, кроме начального элемента ввода И. В.
Код отношения Редактор
712 02 - НАИМЕНОВАНИЕ ОРГАНИЗАЦИИ - ВТОРИЧНАЯ ОТВЕТСТВЕННОСТЬ
Начальный элемент ввода Дирекция особо охраняемых природных территорий и объектов Чувашской Республики
Идентифицирующий признак Чебоксары
Идентификатор авторитетной/нормативной записи RU\NLR\AUTH\8810072128
Код отношения Прочие
801 #0 - ИСТОЧНИК ЗАПИСИ
Страна Российская Федерация
Организация NLR
Дата составления 20130205
Правила каталогизации RCR
801 #1 - ИСТОЧНИК ЗАПИСИ
Страна Российская Федерация
Организация NLR
Дата составления 20130205
942 ## - ДОПОЛНИТЕЛЬНЫЕ ЭЛЕМЕНТЫ ЗАПИСИ (АБИС)
Тип экземпляра АБИС Книга
980 ## - КОЛЛЕКЦИЯ
Название коллекции НБР
980 ## - КОЛЛЕКЦИЯ
Название коллекции Национальная библиография

Нет доступных экземпляров.